LEADER 02339nam a2200361 a 4500 001 000000077167 003 CaOOAMICUS 005 20120503145614.0 008 040121s1865 fr u000 u lat r 035 $a10981626 040 $aPUL(R)$bita 041 1 $alat$agrc 100 0 $aAnastasius Sinaita,$cs.,$d640-700.$0(OLS)http://pul/name/1492 245 14$aTou en aghiois patros emon Anastasiou tou Sinaitou, patriarchou Antiocheias, ta euriskomena panta =$bS. p. n. Anastasii, cognomento sinaitae, patriarchae Antiocheni, opera omnia /$cpost editiones Jacobi Gretseri ... [et al.] ad prelum revocata ; accedunt Anastasii I antiocheni episcopi ... [et al.] quae supersunt ; accurante et denuo recognoscente J.-P. Migne. 246 31$aS. p. n. Anastasii, cognomento Sinaitae, patriarchae antiocheni, opera omnia 260 $aLutetiae Parisiorum :$bexcudebatur et venit apud J.-P. Migne editorem,$c1865. 300 $a1888 col. ;$c27 cm 490 1 $aPatrologiae cursus completus.$aSeries graeca prior ;$v89 500 $aTesto su colonne. 500 $aTesto greco e versione latina a fianco. 700 1 $aMigne, Jacques Paul,$csac.,$d1800-1875.$0(OLS)http://pul/name/4478 700 02$aAnastasius Sinaita,$cs.,$d640-700.$tOpera omnia.$lLatino e greco.$0(OLS)http://pul/nameTitle/1629$0(OLS)http://pul/name/1492$0(OLS)http://pul/title/161341 830 0$aPatrologiae cursus completus.$pSeries graeca prior ;$v89.$0(OLS)http://pul/title/101109 850 $aPUL 852 $aPUL$W1$xSL Cons. Gen., Altre Classi 1$y1$m2002 A 1.89$j99163$nBK-PRI$qStampati$B99163$CPULBib$Z2$F99163 $82 900 $aAnastasius,$cs., monaco del monte Sinai,$d640-700$91492 900 $aAnastasio Sinaita,$cs.,$d640-700$91492 900 $aAnastasius,$cs., monaco del monte Sinai,$d640-700$91492 900 $aAnastasio Sinaita,$cs.,$d640-700$91492 941 1 $a8 996 $6245$aTou en aghiois patros emon Anastasiou tou Sinaitou, patriarchou Antiocheias, ta euriskomena panta =$bS. p. n. Anastasii, cognomento sinaitae, patriarchae Antiocheni, opera omnia$9(OLS)http://pul/title/101188 996 $6246$aS. p. n. Anastasii, cognomento Sinaitae, patriarchae antiocheni, opera omnia$9(OLS)http://pul/title/101189 996 $6260$aLutetiae Parisiorum :$bexcudebatur et venit apud J.-P. Migne editorem$9(OLS)http://pul/publisher/50224 LEADER 00991nam a2200253 a 4500 001 000000147039 003 CaOOAMICUS 005 20151104093732.0 008 151104s1936 gw af u000 u ger r 032 $aLibriCat 040 $aPUL$bita 100 1 $aFischer, Norbert,$d1957-$0(OLS)http://pul/name/41507 245 10$aNicolaus Bares :$bBischof von Berlin /$cNorbert Fischer. 260 $aKevelaer :$bBusson und Berder,$c1936. 300 $a196 p. :$bill., tav. ;$c19 cm. 490 1 $aDeutsche Priestergestalten 600 14$aBares, Nikolaus,$d1871-1935.$0(OLS)http://pul/subject/42498 830 0$aDeutsche Priestergestalten.$0(OLS)http://pul/title/185670 850 $aPUL 852 $aPUL$W1$xDP1 Religione 1$y20$m642 K 94$j169989$qStampati$B170765$CPULBib$Z2$F170765 $81 941 1 $a8 996 $6245$aNicolaus Bares :$bBischof von Berlin$9(OLS)http://pul/title/185669 996 $6260$aKevelaer :$bBusson und Berder$9(OLS)http://pul/publisher/84120